书目信息 |
| 题名: |
中药制剂手册
|
|
| 作者: | ;中医研究院中药研究所 主编 | |
| 分册: | ||
| 出版信息: | 北京 人民卫生出版社 1978 |
|
| 页数: | 735页 | |
| 开本: | 19cm | |
| 丛书名: | ||
| 单 册: | ||
| 中图分类: | R94-62 | |
| 科图分类: | ||
| 主题词: | 中草药-制剂--手册 , 制剂-中草药--手册 , 药剂学 | |
| 电子资源: | ||
| ISBN: | ||
| 000 | 00765nam0 2200253 45 | |
| 001 | 0178000652 | |
| 005 | 20060419095018.82 | |
| 010 | @dCNY1.46 | |
| 091 | @aCN@b14048.3641 | |
| 100 | @a19950814d1978 em y0chiy0121 ea | |
| 101 | 0 | @achi |
| 102 | @aCN@b110000 | |
| 105 | @ay z 000yy | |
| 200 | 10 | @a中药制剂手册@Azhong yao zhi ji shou ce@f中医研究院中药研究所主编@Fzhong yi yan jiu yuan zhong yao yan jiu suo zhu bian |
| 205 | @a2版 | |
| 210 | @a北京@c人民卫生出版社@d1978 | |
| 215 | @a735页@d19cm | |
| 606 | @a中草药-制剂@x手册 | |
| 606 | @a制剂-中草药@x手册 | |
| 606 | 0 | @a药剂学 |
| 690 | @aR94-62@v3 | |
| 711 | 0 | @a中医研究院中药研究所@Azhong yi yan jiu yuan zhong yao yan jiu suo@4主编 |
| 801 | 0 | @aCN@bTSSF@c20060419 |
| 905 | @a10447@dR94-62@e1=2 | |
| 中药制剂手册/中医研究院中药研究所主编.-2版.-北京:人民卫生出版社,1978 |
| 735页;19cm |
| ISBN :CNY1.46 |
| ● |
| 相关链接 |
|
|
|
|
正题名:中药制剂手册
索取号:R94-62/1=2
 
预约/预借
| 序号 | 登录号 | 条形码 | 馆藏地/架位号 | 状态 | 备注 |
| 1 | 0005846 | 001698327 | 密集书库/ [索取号:R94-62/1=2] | 在馆 |